000 00557nam a2200181Ia 4500
005 20250326144953.0
008 250326s9999 xx 000 0 und d
037 _aTextbook
040 _aFMSL
_beng
_cFMSL
041 _aeng
_2eng
084 _aX8(A):(Z227).44 M6
_qFMSL
100 _aSudhanshu S N T
245 0 _aIndustrial licensing policy and growth of industries in india
_cSudhanshu S N T
260 _aNew Delhi
_bNew Delhi, Deep & Deep
_c1986
300 _a384p
942 _cTB
_hX8(A):(Z227).44 M6
999 _c1305853
_d1305853